Statistics for Formula one drivers by picture 4

Click here to take the quiz!

General Stats

  • This quiz has been taken 247 times
  • The average score is 9 of 16

Answer Stats

Answer% Correct
Jenson Button
95%
Daniil Kvyat
92%
Romain Grosjean
89%
Pierre Gasly
85%
Pastor Maldonado
69%
Marcus Ericsson
66%
Graham Hill
65%
Jacques Villeneuve
62%
Heikki Kovalainen
54%
Jack Brabham
51%
Eddie Irvine
47%
Adrian Sutil
40%
Mika Salo
40%
Ronnie Peterson
37%
Rene Arnoux
29%
Nick Heidfeldt
8%

Score Distribution

Percentile by Number Answered

Percent of People with Each Score

Your Score History

You have not taken this quiz